Bài tập và lời giải cơ học lượng tử

Trình bày các bài toán và lời giải các bài toán về các nguyên lý cơ bản và chuyển động một chiều, Các thế xuyên tâm, Spin và mômen xung lượng, Chuyển động trong trường điện từ, Lý thuyết nhiễu loạn,Lý thuyết tán xạ và các chuyển dời lượng tử ......

Descripción completa

Guardado en:
Detalles Bibliográficos
Autor principal: Yung Kuo Lim (chủ biên)
Autor Corporativo: Trường đại học Khoa học và Công nghệ Trung Hoa
Otros Autores: Nguyễn Phúc Dương (dịch), Phạm Thúc Tuyền (dịch), Nguyễn Toàn Thắng (dịch)
Formato: Libro
Lenguaje:Vietnamese
Publicado: H. Giáo dục 2010
Edición:tái bản lần 1
Materias:
Etiquetas: Agregar Etiqueta
Sin Etiquetas, Sea el primero en etiquetar este registro!
Thư viện lưu trữ: Mạng thư viện Đại học Đà Nẵng
LEADER 02110aam a22004698a 4500
001 000016472
003 12874
005 20121106091154.0
008 121105s2010 viesd
020 |c 112000đ  |d 1000b 
041 1 |a vie 
082 1 4 |2 14  |a 530.12076  |b Bai 
100 1 |a Yung Kuo Lim  |e chủ biên 
245 1 0 |a Bài tập và lời giải cơ học lượng tử  |c B.s.: Yung Kuo Lim (ch.b.), trường đại học Khoa học và Công nghệ Trung Hoa (b.s); Dịch: Nguyễn Đức Bích.. 
246 |a Problems and Solutions on Quantum mechaníc 
250 |a tái bản lần 1 
260 |a H.  |b Giáo dục  |c 2010 
300 |a 745 tr  |b hình vẽ  |c 24cm 
500 |a Bài tập và lời giải của các Trường Đại học nổi tiếng Hoa Kỳ 
520 |a Trình bày các bài toán và lời giải các bài toán về các nguyên lý cơ bản và chuyển động một chiều, Các thế xuyên tâm, Spin và mômen xung lượng, Chuyển động trong trường điện từ, Lý thuyết nhiễu loạn,Lý thuyết tán xạ và các chuyển dời lượng tử ... 
534 |a Problems and solutions on thermodynamics and statistical mechanics 
650 7 |2 Bộ TK TVQG 
650 7 |2 Bộ TK TVQG  |a cơ học lượng tử 
650 7 |2 Bộ TK TVQG 
650 7 |2 Bộ TK TVQG 
650 7 |2 Bộ TK TVQG 
653 |a Vật lí 
653 |a bài tập và lời giải 
700 1 |a Nguyễn Phúc Dương  |e dịch 
700 1 |a Phạm Thúc Tuyền  |e dịch 
700 1 |a Nguyễn Toàn Thắng  |e dịch 
710 2 |a Trường đại học Khoa học và Công nghệ Trung Hoa 
OWN |a LSP 
AVA |a UDN50  |b LSP  |d 530.12076 Bai  |e check_holdings  |t Error 5003 Not defined in file expand_doc_bib_avail.  |h N  |k 1 
999 |a From the UDN01 
AVA |a UDN50  |b LSP  |d 530.12076 Bai  |e available  |t Error 5001 Not defined in file expand_doc_bib_avail.  |f 20  |g 1  |h N  |i 36  |k 1 
TYP |a Monograph 
TYP |a Printed language 
980 |a Mạng thư viện Đại học Đà Nẵng